1311 1005 1020 1216 1518 1985 1987 1786 1548 1744 1407 1199 1909 1646 1944 1998 1623 1245 1781 1353 1933 1774 1907 1032 1666 1358 1038 1053 1692 1580 1137 1890 1581 1403 1596 1662 1094 1447 1995 1456 1257 1734 1371 1242 1486 1698 1400 1385 1723 1344 1545 1848 1441 1641 1775 1095 1912 1327 1617 1346 1392 1728 1632 1774 1901 1674 1122 1084 1816 1999 1824 1623 1924 1018 1520 1644 1409 1704 1483 1396 1595 1829 1591 1281 1640 1998 1373 1199 1571 1838 1583 1002 1853 1033 1183 1720 1498 1495 1463 BCNSPRNW ULIB Ver.6.0+V

เปลี่ยนเป็นภาษาไทย

Change to English
 แสดงรายละเอียดบรรณานุกรม
  กลับหน้าหลัก

Brief Record : Get Marc (ISO 2709) : E-mail record : QR code < ปิดหน้าต่าง
LEADER : 00000nam 2200000uu 4500
001    13399121585
003     ULIB
008    121123s2550||||th 000 0 tha d
020    ^a9789748337098
060 04 ^aWT120^bภ330ค
100 0  ^aภัครวินทร์ ภัคภิรมณ์
245 10 ^aคู่มือดูแลผู้สูงอายุ /^cภัครวินทร์ ภัคภิรมณ์, เรียบเรียง ;[บรรณาธิการ, พิพัฒน์ รักษ์เจริญ]
250    ^aพิมพ์ครั้งที่ 1
260    ^aกรุงเทพฯ :^bเครือเถา,^c2550
300    ^a160 หน้า :^bภาพประกอบ ;^c21 ซม.
650  7 ^aผู้สูงอายุ^xการดูแล
700 0  ^aพิพัฒน์ รักษ์เจริญ,^eบรรณาธิการ
945    ^p120^l0^i14268
945    ^p120^l0^i14269
995    ^aวิภา
999 ^a ใช้งานได้ทุกระบบ
รายการนี้ยังไม่มีแท็ก
คุณยังไม่ได้ล็อกอิน คุณสามารถมีกิจกรรมร่วมกับเว็บไซต์ได้ แต่ต้องล็อกอินก่อน ::
  ล็อกอิน

รายการสื่อสารสนเทศ

ลำดับที่ ประเภท เลขเรียก/บาร์โค้ด สถานที่ สถานะ
1. วิทยาศาสตร์การแพทย์ และสุขภาพ
วิทยาศาสตร์การแพทย์ และสุขภาพ
WT120 ภ330ค ฉ.2 
  Barcode: 14269
ห้องสมุดวิทยาเขตสวรรค์ประชารักษ์
►ส่วนจัดเก็บหนังสือเก่า สปร
บนชั้น
  ขอยืม

รายการใกล้เคียง
    หัวเรื่อง [ผู้สูงอายุ การดูแล]

BibComment


ยังไม่เคยถูกคอมเมนท์

คอมเมนท์ทรัพยากรรายการนี้
  คอมเมนท์: คู่มือดูแลผู้สูง..


 Copyright 2026. Bcnsprnw @Library